00636nam a2200217Ia 450000100060000000300090000600800410001504000130005604000130006904100130008210000210009510000290011624500420014524500410018726000090022826000110023726000490024830000580029765000320035565000310038733070IT-RoPAU130308s9999 xx 000 0 und d aIT-RoPAU cIT-RoPAU aITALIANO aMamoulian Rouben gCodice Aut. SPICS: 14543 aColore nel film dal 1946 al 1956 (Il) bCinema Dopo la Guerra a Venezia (Il) aROMA bAteneo c1956 [1° Ed.:1956 - Ed.Ling.Originale:1956] a"13 p. (prefazione: no ; testo: 13 [pagine: 91-103])" aSTORIA NAZIONALE DEL CINEMA eCodice materia Spics: 6809